Statistics for City Council Members of Pawnee, Indiana - Parks and Recreation

Click here to take the quiz!

General Stats

  • This quiz has been taken 58 times
  • The average score is 4 of 5

Answer Stats

City Council Members% Correct
Leslie Knope
95%
Jeremy Jamm
93%
Fielding Milton
75%
Bill Dexhart
72%
Douglass Howser
67%

Score Distribution

Percentile by Number Answered

Percent of People with Each Score

Your Score History

You have not taken this quiz